| 000 | 00891nam a22002412 4500 | ||
|---|---|---|---|
| 001 | 0000025374 | ||
| 005 | 20151217154526.0 | ||
| 008 | 150824s xx 000 0 eng d | ||
| 020 | _a9966031310 : | ||
| 040 |
_aKABU _cKABU |
||
| 100 | 1 |
_aFimbo, Gamaliel Mgongo. _@0000186005 |
|
| 245 | 1 | 0 |
_aMultipartyism, constitutions and the law in Africa / _cby Gamaliel Mgongo Fimbo. |
| 260 |
_aDare-es-Salaam : _bLaw Africa Publishing, _c2013. |
||
| 300 | _axviii, 146 p. | ||
| 650 | 0 |
_aPolitical parties _xLaw and legislation _zAfrica. _@0000186032 |
|
| 650 | 0 |
_aConstitutional law _zAfrica. _@0000186033 |
|
| 650 | 0 |
_aDemocracy _zAfrica. _@0000153209 |
|
| 852 | 1 | _9p950 KES | |
| 852 | 1 | _9p950 KES | |
| 852 | 1 | _9p950 KES | |
| 908 | _a150824 | ||
| 950 | _@1 | ||
| 999 |
_c11669 _d11669 |
||